[Event "Canarias-chT Honor"]
[Site "Spain"]
[Date "2020.01.11"]
[Round "1.4"]
[White "Lagarejos Gonzalez, Eduardo"]
[Black "Garcia Almeida, Aitana Maria"]
[Result "0-1"]
[WhiteElo "1907"]
[BlackElo "1703"]
[PlyCount "122"]
[EventDate "2020.01.11"]
[EventType "team-tourn"]
[EventRounds "9"]
[EventCountry "ESP"]
[SourceTitle "CBM 195 Extra"]
[Source "ChessBase"]
[SourceDate "2020.05.31"]
[SourceVersion "1"]
[SourceVersionDate "2020.05.31"]
[SourceQuality "1"]
[WhiteTeam "Fundacion La Caja de Canarias"]
[BlackTeam "Sanat Lucia Grandama"]
[WhiteTeamCountry "ESP"]
[BlackTeamCountry "ESP"]

1. e4 g6 2. Nc3 Bg7 3. f4 c6 4. Nf3 d5 5. e5 f6 6. d4 Bg4 7. Be2 Bxf3 8. Bxf3 Nh6 9. 0-0 0-0 10. Kh1 Nd7 11. Ne2 Nb6 12. Qe1 Qc7 13. Ng3 fxe5 14. fxe5 e6 15. Bxh6 Bxh6 16. Ne2 Nc4 17. Qh4 Qg7 18. Bg4 Kh8 19. Rf6 Rae8 20. Raf1 Ne3 21. Rxf8+ Rxf8 22. Rxf8+ Qxf8 23. Bf3 g5 24. Qf2 g4 25. Ng1 gxf3 26. Nxf3 Qf4 27. h3 Nf5 28. c3 Ng3+ 29. Kg1 Qe3 30. h4 Nf5 31. g4 Qxf2+ 32. Kxf2 Ne7 33. Ke2 Kg8 34. h5 Kf7 35. Kd3 Bc1 36. b3 h6 37. a4 b6 38. b4 a6 39. Kc2 Bf4 40. Kd3 Nc8 41. Ke2 Na7 42. Kd3 a5 43. Ne1 Bg5 44. Nf3 Be7 45. bxa5 bxa5 46. Nd2 c5 47. dxc5 Bxc5 48. Nf3 Be7 49. Nd4 Bc5 50. Nf3 Be7 51. Nd4 Bc5 52. Nf3 Be7 53. Nd4 Bg5 54. c4 dxc4+ 55. Kxc4 Be3 56. Nb3 Nc6 57. Kd3 Bb6 58. Ke4 Bc7 59. Nc5 Nxe5 60. g5 hxg5 61. h6 Ng4 0-1

[Event "Liga Insular Gran Canaria 1a Descenso"]
[Site "Las Palmas"]
[Date "2019.06.01"]
[Round "2.2"]
[White "Garcia Almeida, Aitana Maria"]
[Black "Sanchez Ahsen, David"]
[Result "1-0"]
[WhiteElo "1603"]
[BlackElo "1571"]
[PlyCount "45"]
[EventDate "2019.05.25"]
[EventType "team-tourn"]
[EventRounds "3"]
[EventCountry "ESP"]
[SourceTitle "EXT 2021"]
[Source "ChessBase"]
[SourceDate "2020.10.23"]
[SourceVersion "1"]
[SourceVersionDate "2020.10.23"]
[SourceQuality "1"]
[WhiteTeam "Grandama II"]
[BlackTeam "Hotel Avda de Canarias III"]
[WhiteTeamCountry "ESP"]
[BlackTeamCountry "ESP"]

1. Nf3 d5 2. g3 c5 3. Bg2 Bf5 4. d3 Nf6 5. Nbd2 h6 6. 0-0 e6 7. Nh4 Bh7 8. c4 Nbd7 9. Qb3 Nb6 10. cxd5 exd5 11. e4 dxe4 12. Nxe4 Nxe4 13. dxe4 Be7 14. Rd1 Qc8 15. Qb5+ Kf8 16. Nf5 Bxf5 17. exf5 Kg8 18. Be3 Kh7 19. Rac1 Qxf5 20. Bxc5 Rac8 21. b4 Rhd8 22. Qe2 Rxd1+ 23. Rxd1 1-0

[Event "Gran Canaria Cabildo op"]
[Site "Gran Canaria"]
[Date "2019.03.29"]
[Round "6"]
[White "Garcia Almeida, Aitana Maria"]
[Black "Arutyunyan, Mikael"]
[Result "1/2-1/2"]
[WhiteElo "1603"]
[BlackElo "1262"]
[PlyCount "100"]
[EventDate "2019.03.12"]
[EventType "swiss"]
[EventRounds "7"]
[EventCountry "ESP"]
[SourceTitle "CBM 189 Extra"]
[Source "ChessBase"]
[SourceDate "2019.06.03"]
[SourceVersion "1"]
[SourceVersionDate "2019.06.03"]
[SourceQuality "1"]

1. Nf3 Nf6 2. g3 d5 3. Bg2 Nc6 4. 0-0 e5 5. d3 Be7 6. Nbd2 0-0 7. e4 dxe4 8. dxe4 h6 9. c3 Be6 10. Qc2 Qd7 11. Rd1 Rfd8 12. b4 a6 13. Bb2 Qe8 14. a4 Bd6 15. Nf1 Ne7 16. Rab1 Ng6 17. Ba3 Bd7 18. Qe2 Bxa4 19. Rd2 Qc6 20. Ne1 Qxc3 21. Bb2 Qc6 22. Rc1 Qe8 23. Nd3 Bb5 24. Qd1 Bxd3 25. Rxd3 Rac8 26. Bh3 Rb8 27. Bg2 Qe7 28. Ne3 Qf8 29. Nc4 Bxb4 30. Nxe5 Nxe5 31. Bxe5 Rxd3 32. Qxd3 Bd6 33. Bxf6 gxf6 34. Qe2 Qg7 35. Rc4 b5 36. Rc6 Rb6 37. Rxb6 cxb6 38. Qd1 Qf8 39. Qg4+ Kh8 40. Qf5 Be7 41. e5 fxe5 42. Qxe5+ f6 43. Qf5 Qg8 44. Bd5 Qf8 45. Be4 Qg8 46. Qd7 Qf8 47. Qf5 Qg8 48. Qd7 Qd8 49. Qf5 Qg8 50. Qd7 Qd8 1/2-1/2

[Event "Liga Insular Gran Canaria 1a"]
[Site "Las Palmas"]
[Date "2019.03.09"]
[Round "2.3"]
[White "Gonzalez Sastron, David"]
[Black "Garcia Almeida, Aitana Maria"]
[Result "1/2-1/2"]
[WhiteElo "1351"]
[BlackElo "1603"]
[PlyCount "117"]
[EventDate "2019.03.02"]
[EventType "team-tourn"]
[EventRounds "7"]
[EventCountry "ESP"]
[SourceTitle "EXT 2021"]
[Source "ChessBase"]
[SourceDate "2020.10.23"]
[SourceVersion "1"]
[SourceVersionDate "2020.10.23"]
[SourceQuality "1"]
[WhiteTeam "Panaderia Pulido San Mateo II"]
[BlackTeam "Grandama II"]
[WhiteTeamCountry "ESP"]
[BlackTeamCountry "ESP"]

1. e4 g6 2. d4 Bg7 3. c3 d6 4. Nf3 Nd7 5. Bd3 e5 6. Be3 Ngf6 7. h3 0-0 8. 0-0 Re8 9. Nbd2 c6 10. Re1 Qc7 11. Qc2 a5 12. a4 h6 13. Nf1 exd4 14. cxd4 Nb6 15. Ng3 Bd7 16. Qd2 Rac8 17. Rec1 Kh7 18. b3 Ra8 19. Re1 Be6 20. Rab1 Nbd7 21. Bf4 Bf8 22. e5 dxe5 23. Nxe5 Nxe5 24. Bxe5 Qd8 25. Qf4 Nd5 26. Qd2 Bb4 27. Qc2 Bxe1 28. Rxe1 Nb4 29. Qb1 Nxd3 30. Qxd3 Qd5 31. Nh5 Qxb3 32. Nf6+ Kg7 33. Nxe8+ Kf8 34. Bd6+ Kg8 35. Qxb3 Bxb3 36. Nc7 Rd8 37. Re8+ Rxe8 38. Nxe8 Bxa4 39. Bc7 c5 40. dxc5 Bxe8 41. Bxa5 f5 42. Kh2 Kf7 43. Kg3 g5 44. h4 Bd7 45. hxg5 hxg5 46. Kh2 Ke6 47. g3 g4 48. Bb6 Kd5 49. Kg1 Bb5 50. Kh2 Ke4 51. Kg1 Kf3 52. Kh2 Bc6 53. Kg1 Ke2 54. Bc7 Kf3 55. Bb6 Ke2 56. Bc7 Kd3 57. Bb6 Kc4 58. Kh2 Kd5 59. Kg1 1/2-1/2

[Event "Puerto del Rosario op U2300 "]
[Site "Puerto del Rosario"]
[Date "2018.09.28"]
[Round "3"]
[White "Lopez Pereyra, Antonio"]
[Black "Garcia Almeida, Aitana Maria"]
[Result "1-0"]
[WhiteElo "2134"]
[BlackElo "1526"]
[PlyCount "61"]
[EventDate "2018.09.27"]
[EventType "swiss"]
[EventRounds "7"]
[EventCountry "ESP"]
[SourceTitle "CBM 187 Extra"]
[Source "ChessBase"]
[SourceDate "2018.11.04"]
[SourceVersion "1"]
[SourceVersionDate "2018.11.04"]
[SourceQuality "1"]

1. e4 d5 2. exd5 Qxd5 3. Nc3 Qd6 4. d4 Nf6 5. Bc4 g6 6. Nge2 a6 7. Bf4 Qd8 8. h3 b5 9. Bb3 Bb7 10. 0-0 Bg7 11. Qd2 Nc6 12. Rad1 Na5 13. Ng3 Nxb3 14. axb3 Nd5 15. Bh6 Bxh6 16. Qxh6 Nxc3 17. bxc3 Qd5 18. f3 0-0-0 19. Ne4 Qf5 20. Qe3 Rhe8 21. c4 e5 22. d5 Qf4 23. Qa7 Re7 24. d6 Red7 25. g3 Qh6 26. dxc7 Rxc7 27. Rxd8+ Kxd8 28. Qb8+ Bc8 29. Rd1+ Rd7 30. Rxd7+ Kxd7 31. Qd6+ 1-0

[Event "Isla de la Palma Semana Santa op 3rd"]
[Site "Isla de la Palma"]
[Date "2018.03.24"]
[Round "1"]
[White "Rodriguez Almeida, Ainhoa"]
[Black "Garcia Almeida, Aitana Maria"]
[Result "0-1"]
[WhiteElo "1002"]
[BlackElo "1609"]
[PlyCount "94"]
[EventDate "2018.03.24"]
[EventType "swiss"]
[EventRounds "7"]
[EventCountry "ESP"]
[SourceTitle "CBM 183 Extra"]
[Source "ChessBase"]
[SourceDate "2018.04.19"]
[SourceVersion "1"]
[SourceVersionDate "2018.04.19"]
[SourceQuality "1"]

1. e4 d5 2. exd5 Qxd5 3. Nc3 Qd6 4. Bc4 Nf6 5. d3 a6 6. h3 b5 7. Bb3 Bb7 8. Nf3 g6 9. a4 b4 10. Ne2 Bg7 11. Bf4 Qd8 12. 0-0 Bxf3 13. gxf3 0-0 14. c3 Nh5 15. Bh2 Nc6 16. Rc1 bxc3 17. Nxc3 Rc8 18. Rc2 Nd4 19. Rc1 Nxb3 20. Qxb3 Qxd3 21. Rfd1 Qxf3 22. Rc2 Bxc3 23. Rxc3 Qf6 24. Re1 Rb8 25. Qc2 Rfc8 26. Bxc7 Rb7 27. Be5 Rxc3 28. Qxc3 Qf5 29. Rd1 f6 30. Bg3 Qxh3 31. Qc4+ Kg7 32. Rd8 Rxb2 33. Qd4 Rb1+ 34. Qd1 Rxd1+ 35. Rxd1 Nxg3 36. fxg3 Qxg3+ 37. Kf1 Qf3+ 38. Kg1 Qxd1+ 39. Kf2 Qd3 40. a5 Kh6 41. Ke1 Qc2 42. Kf1 Qd2 43. Kg1 Qe2 44. Kh1 Kh5 45. Kg1 Kg4 46. Kh1 Kg3 47. Kg1 Qg2# 0-1

[Event "Gran Canaria Fiestas Dolores 2nd"]
[Site "Gran Canaria"]
[Date "2017.09.04"]
[Round "1"]
[White "Garcia Almeida, Aitana Maria"]
[Black "Rojas Mirabal, Pedro"]
[Result "0-1"]
[WhiteElo "1520"]
[BlackElo "2070"]
[PlyCount "56"]
[EventDate "2017.09.04"]
[EventType "swiss"]
[EventRounds "6"]
[EventCountry "ESP"]
[SourceTitle "CBM 180 Extra"]
[Source "ChessBase"]
[SourceDate "2017.10.06"]
[SourceVersion "1"]
[SourceVersionDate "2017.10.06"]
[SourceQuality "1"]

1. Nf3 Nf6 2. g3 g6 3. b3 Bg7 4. Bb2 d6 5. d4 0-0 6. Bg2 c6 7. Nbd2 Bg4 8. h3 Bf5 9. 0-0 Qc8 10. Kh2 Na6 11. a3 Ne4 12. Nh4 Nxd2 13. Nxf5 Nxf1+ 14. Qxf1 Qxf5 15. e4 Qd7 16. Qe2 e5 17. dxe5 Bxe5 18. Bxe5 dxe5 19. Rd1 Qe7 20. b4 Rad8 21. Rxd8 Rxd8 22. b5 cxb5 23. Qxb5 Nc5 24. Qa5 b6 25. Qc3 Rd4 26. Qe3 Qd6 27. h4 Rd2 28. Qc3 Rxf2 0-1

[Event "Gran Canaria-ch U16"]
[Site "Gran Canaria"]
[Date "2017.03.03"]
[Round "1.1"]
[White "Garcia Almeida, Aitana Maria"]
[Black "Sanabria Taskila, Jenny Maria"]
[Result "0-1"]
[WhiteElo "1482"]
[BlackElo "1544"]
[PlyCount "70"]
[EventDate "2017.03.03"]
[EventType "swiss"]
[EventRounds "5"]
[EventCountry "ESP"]
[SourceTitle "EXT 2024"]
[Source "ChessBase"]
[SourceDate "2023.10.10"]
[SourceVersion "1"]
[SourceVersionDate "2023.10.10"]
[SourceQuality "1"]

1. Nf3 d5 2. g3 e6 3. Bg2 Nf6 4. 0-0 Be7 5. d3 0-0 6. Nbd2 c6 7. e4 b6 8. a4 Ba6 9. Re1 Qc7 10. Nb3 Rd8 11. Bf4 Qc8 12. e5 Nfd7 13. Bg5 Bxg5 14. Nxg5 Nf8 15. Nd4 Qc7 16. b4 Qe7 17. Qd2 c5 18. bxc5 bxc5 19. Nb5 Nc6 20. Nd6 Nxe5 21. Rxe5 Rxd6 22. Re2 Rb8 23. Rae1 Qf6 24. c4 h6 25. Nf3 dxc4 26. Qa5 cxd3 27. Qxc5 Rd5 28. Qc7 Rb7 29. Qc1 dxe2 30. Nh4 Rd1 31. Rxd1 exd1R+ 32. Qxd1 Rb2 33. Nf3 Qf5 34. Nd2 Qd3 35. Bf1 Rxd2 0-1

[Event "Gran Canaria Dominguez Memorial 3rd"]
[Site "Gran Canaria"]
[Date "2016.06.07"]
[Round "7"]
[White "Lopez Gonzalez, Lidia"]
[Black "Garcia Almeida, Aitana Maria"]
[Result "0-1"]
[WhiteElo "1477"]
[BlackElo "1325"]
[PlyCount "70"]
[EventDate "2016.05.17"]
[EventType "swiss"]
[EventRounds "7"]
[EventCountry "ESP"]
[SourceTitle "CBM 172 Extra"]
[Source "ChessBase"]
[SourceDate "2016.06.21"]
[SourceVersion "1"]
[SourceVersionDate "2016.06.21"]
[SourceQuality "1"]

1. e4 d5 2. e5 e6 3. Nf3 Ne7 4. d4 g6 5. Bg5 Bg7 6. Qd2 Nd7 7. Bb5 0-0 8. Bh6 a6 9. Bd3 c5 10. c3 cxd4 11. cxd4 f6 12. Bxg7 Kxg7 13. h4 f5 14. h5 Rh8 15. Nc3 b5 16. Ne2 Nb6 17. Rc1 Nc4 18. Bxc4 dxc4 19. b3 Bb7 20. bxc4 Bxf3 21. gxf3 bxc4 22. Rxc4 Qd5 23. Rc7 Qd8 24. Rc1 a5 25. Qg5 Nd5 26. Nf4 Qxg5 27. Nxe6+ Kh6 28. Nxg5 Kxg5 29. h6 f4 30. Rg1+ Kxh6 31. Kd2 Rac8 32. Rcd1 Nb4 33. a3 Nd5 34. Kd3 a4 35. Ke4 Nc3+ 0-1

[Event "Canarias-ch (Women)"]
[Site "Vecindario"]
[Date "2016.05.30"]
[Round "6.3"]
[White "Garcia Almeida, Aitana Maria"]
[Black "Barrera Martin, Nayra"]
[Result "0-1"]
[WhiteElo "1325"]
[BlackElo "1513"]
[PlyCount "50"]
[EventDate "2016.05.27"]
[EventType "swiss"]
[EventRounds "6"]
[EventCountry "ESP"]
[SourceTitle "EXT 2024"]
[Source "ChessBase"]
[SourceDate "2023.10.10"]
[SourceVersion "1"]
[SourceVersionDate "2023.10.10"]
[SourceQuality "1"]

1. g3 g6 2. Bg2 d5 3. Nf3 Nf6 4. 0-0 c5 5. d3 Nc6 6. Nbd2 Bg4 7. e4 dxe4 8. dxe4 Bg7 9. c3 Qc7 10. Qc2 Rd8 11. Nc4 b5 12. Bf4 Qc8 13. Ncd2 0-0 14. Rfe1 Bh3 15. Bh1 a6 16. Rad1 Bg4 17. Nf1 Nh5 18. Bd2 Ne5 19. Be3 Nxf3+ 20. Bxf3 Bxf3 21. Rxd8 Rxd8 22. Bc1 Qh3 23. Ne3 Nf6 24. b3 Ng4 25. Nxg4 Qg2# 0-1

[Event "Canarias-ch (Women)"]
[Site "Vecindario"]
[Date "2016.05.29"]
[Round "5.2"]
[White "Sanabria Taskila, Jenny Maria"]
[Black "Garcia Almeida, Aitana Maria"]
[Result "1-0"]
[WhiteElo "1498"]
[BlackElo "1325"]
[PlyCount "153"]
[EventDate "2016.05.27"]
[EventType "swiss"]
[EventRounds "6"]
[EventCountry "ESP"]
[SourceTitle "EXT 2024"]
[Source "ChessBase"]
[SourceDate "2023.10.10"]
[SourceVersion "1"]
[SourceVersionDate "2023.10.10"]
[SourceQuality "1"]

1. e4 d5 2. exd5 Qxd5 3. Nc3 Qd6 4. d4 Nf6 5. Bc4 g6 6. h3 Bg7 7. Nf3 0-0 8. 0-0 a6 9. Re1 b5 10. Bb3 Bb7 11. Be3 Nc6 12. Qe2 Rfe8 13. Rad1 Na5 14. Bg5 Nxb3 15. axb3 Rad8 16. Bh4 Rd7 17. Bg3 Qb6 18. Be5 Red8 19. Bf4 Nh5 20. Be3 Bxf3 21. Qxf3 Bxd4 22. Bxd4 Rxd4 23. Rxd4 Rxd4 24. Rxe7 Nf6 25. Qg3 Rd2 26. Rxc7 Rxc2 27. Nd5 Nxd5 28. Rxc2 Qe6 29. Qf3 Qe1+ 30. Kh2 Qe5+ 31. Qg3 Qe4 32. Rd2 Nf4 33. Qf3 Qe5 34. Rd8+ Kg7 35. Qc3 Nd3+ 36. Qxe5+ Nxe5 37. Ra8 Nd3 38. Rxa6 Nxb2 39. Rb6 Nd3 40. Rxb5 Nxf2 41. Rd5 Kf6 42. Ra5 Ke6 43. Kg3 Ne4+ 44. Kf4 Nd2 45. b4 Nc4 46. Ra7 Ne5 47. Re7+ Kxe7 48. Kxe5 f6+ 49. Kf4 Kd6 50. Ke4 Kc6 51. b5+ Kxb5 52. Kd5 Kb4 53. Ke6 f5 54. Kf6 Kc4 55. Kg7 Kd4 56. Kxh7 g5 57. Kg6 Ke4 58. Kxg5 f4 59. h4 Ke5 60. h5 Ke6 61. Kg6 Ke7 62. h6 f3 63. gxf3 Kf8 64. h7 Ke8 65. h8Q+ Kd7 66. f4 Ke6 67. Qe5+ Kd7 68. f5 Kc6 69. f6 Kd7 70. Qe7+ Kc6 71. f7 Kb6 72. f8R Kc6 73. Rf6+ Kd5 74. Rd6+ Kc5 75. Qc7+ Kb5 76. Rb6+ Ka5 77. Qa7# 1-0

[Event "Canarias-ch (Women)"]
[Site "Vecindario"]
[Date "2016.05.28"]
[Round "2.8"]
[White "Garcia Almeida, Aitana Maria"]
[Black "Otero Campos, Sofia"]
[Result "1-0"]
[WhiteElo "1325"]
[BlackElo "1092"]
[PlyCount "63"]
[EventDate "2016.05.27"]
[EventType "swiss"]
[EventRounds "6"]
[EventCountry "ESP"]
[SourceTitle "EXT 2024"]
[Source "ChessBase"]
[SourceDate "2023.10.10"]
[SourceVersion "1"]
[SourceVersionDate "2023.10.10"]
[SourceQuality "1"]

1. g3 e5 2. d4 f6 3. Bg2 Bb4+ 4. c3 Ba5 5. Nf3 Nc6 6. 0-0 d5 7. dxe5 fxe5 8. b4 Bb6 9. b5 Na5 10. Nxe5 d4 11. Bb2 Nc4 12. Nxc4 c5 13. Nxb6 Qxb6 14. c4 a6 15. a4 axb5 16. cxb5 Bd7 17. Na3 Qa5 18. Nc4 Qb4 19. Bxb7 Rb8 20. Bd5 Nf6 21. Ba3 Qc3 22. Rc1 Nxd5 23. Rxc3 Nxc3 24. Qd3 0-0 25. Bxc5 Rfc8 26. Qxd4 Nxa4 27. Qxd7 Nxc5 28. Qd5+ Kf8 29. Nd6 Rc7 30. Rc1 Na6 31. Rxc7 Nxc7 32. Qf7# 1-0